000 00998nam a2200313 i 4500
003 EG-GICUC
005 20260302061058.0
008 260302s2001 sz ||||fr|||| 00| 0 fre d
020 _a2804407209
040 _aEG-GiCUC
_bfre
_cEG-GiCUC
_dEG-GiCUC
_eRda
082 0 4 _221
_a341
_bBO . D
092 0 4 _221
099 _aLaw1 11 341 BO . D 2001
100 1 _aBorn, Hugues
_eAuteur
245 1 0 _aDroit Judiciaire International :
_bChronique De Jurisprudence 1991-1998 /
_cHugues Born, Mare Fallon.
_n
264 1 _aBruxelles :
_bLarcier,
_c2001.
300 _a650page :
_billustration ;
_c 24 cm.
336 _2rda contenu
_a texte
337 _2rda medias
_aOrdinateur
338 _2 transporteur rda
_a Ressource en ligne
504 _a
546 _aTexte en français
650 1 4 _aDroit international public
_2
651 1 _2
700 1 _aFallon, Mare
_eCo-Auteur
856 4 0 _uhttps://fll.law.cu.edu.eg/fulltext/bks/B11-08775.pdf
905 _a50
942 _2ddc
_cBK
_e21
_n0
999 _c64556
_d64556